[Event "EU-ch Seniors 65 19th"]
[Site "Rhodes"]
[Date "2019.04.10"]
[Round "5"]
[White "Patola, Eero"]
[Black "Ladisic, Alex Sacha"]
[Result "0-1"]
[WhiteElo "1847"]
[BlackElo "1930"]
[PlyCount "20"]
[EventDate "2019.04.06"]
[EventType "swiss"]
[EventRounds "9"]
[EventCountry "GRE"]
[SourceTitle "CBM 189 Extra"]
[Source "ChessBase"]
[SourceDate "2019.05.31"]
[SourceVersion "1"]
[SourceVersionDate "2019.05.31"]
[SourceQuality "1"]

1. c4 Nf6 2. Nc3 d6 3. e4 e5 4. g3 Nc6 5. Bg2 g6 6. Nge2 Bg7 7. d3 0-0 8. 0-0 Be6 9. h3 Qd7 10. Kh2 Ne8 0-1

[Event "Lisbon Portugal op"]
[Site "Lisbon"]
[Date "2019.02.07"]
[Round "7"]
[White "Santos, Antonio Pereira"]
[Black "Ladisic, Alex Sacha"]
[Result "1-0"]
[WhiteElo "2162"]
[BlackElo "1934"]
[PlyCount "91"]
[EventDate "2019.02.02"]
[EventType "swiss"]
[EventRounds "9"]
[EventCountry "POR"]
[SourceTitle "CBM 188 Extra"]
[Source "ChessBase"]
[SourceDate "2019.02.28"]
[SourceVersion "1"]
[SourceVersionDate "2019.02.28"]
[SourceQuality "1"]

1. d4 Nf6 2. Nf3 d6 3. c4 Nc6 4. Nc3 e5 5. d5 Ne7 6. e4 c5 7. Be2 Ng6 8. h4 Be7 9. g3 h6 10. Rb1 a6 11. a3 Bd7 12. b4 b6 13. Kf1 Qc7 14. Kg2 0-0 15. h5 Nh8 16. b5 axb5 17. cxb5 Nh7 18. Nh4 Bxh4 19. Rxh4 f5 20. exf5 Bxf5 21. Bd3 Qd7 22. Bxf5 Qxf5 23. Ne4 Ng5 24. Qg4 Nxe4 25. Qxf5 Rxf5 26. Rxe4 Rxh5 27. a4 Rf5 28. Bd2 g5 29. a5 bxa5 30. Ra4 Rf7 31. f4 exf4 32. gxf4 Ng6 33. fxg5 hxg5 34. Bxg5 Ne5 35. Bf4 Rg7+ 36. Kf2 Nd3+ 37. Ke3 Nxf4 38. Rxf4 Re8+ 39. Re4 Rxe4+ 40. Kxe4 Kf8 41. b6 Rb7 42. Kd3 Ke8 43. Kc4 Kd8 44. Kb5 Kd7 45. Ka6 Kc8 46. Rh1 1-0

[Event "Zagreb Hulak Memorial op 2nd"]
[Site "Zagreb"]
[Date "2017.12.02"]
[Round "3"]
[White "Ladisic, Alex Sacha"]
[Black "Nasuta, Grzegorz"]
[Result "0-1"]
[WhiteElo "2059"]
[BlackElo "2452"]
[PlyCount "47"]
[EventDate "2017.11.30"]
[EventType "swiss"]
[EventRounds "9"]
[EventCountry "CRO"]
[SourceTitle "EXT 2019"]
[Source "ChessBase"]
[SourceDate "2018.10.10"]
[SourceVersion "1"]
[SourceVersionDate "2018.10.10"]
[SourceQuality "1"]

1. e4 c5 2. Nf3 d6 3. d4 cxd4 4. Nxd4 a6 5. c4 b6 6. Nc3 Bb7 7. Be2 Nf6 8. f3 e6 9. 0-0 Nbd7 10. Be3 Be7 11. Rc1 0-0 12. a3 Rc8 13. b4 Qc7 14. Qb3 Qb8 15. Rfd1 Bd8 16. Kh1 Bc7 17. Bg1 Rfe8 18. Bf1 Qa8 19. Nc2 Kh8 20. Ne3 Rg8 21. a4 Bc6 22. Rc2 Rb8 23. Rdc1 Nc5 24. Qb2 0-1

[Event "EU-ch Seniors 65 17th"]
[Site "Sabadell"]
[Date "2017.08.14"]
[Round "3"]
[White "Kierzek, Matthias"]
[Black "Ladisic, Alex Sacha"]
[Result "1-0"]
[WhiteElo "2277"]
[BlackElo "2037"]
[PlyCount "85"]
[EventDate "2017.08.12"]
[EventType "swiss"]
[EventRounds "9"]
[EventCountry "ESP"]
[SourceTitle "CBM 180 Extra"]
[Source "ChessBase"]
[SourceDate "2017.10.06"]
[SourceVersion "1"]
[SourceVersionDate "2017.10.06"]
[SourceQuality "1"]

1. d4 Nf6 2. c4 d6 3. Nc3 e5 4. Nf3 Nc6 5. d5 Ne7 6. e4 Ng6 7. h4 Be7 8. g3 0-0 9. h5 Nh8 10. Be2 h6 11. Nh4 Nh7 12. Bg4 Bg5 13. Bxc8 Rxc8 14. Nf5 Bxc1 15. Qxc1 Re8 16. Qe3 a6 17. Kd2 Rb8 18. a4 Qg5 19. Qxg5 Nxg5 20. b4 f6 21. Kd3 Nhf7 22. f4 Nh7 23. Rh4 Kh8 24. Rg4 Rg8 25. Nd1 Rbe8 26. Nde3 Nf8 27. c5 g6 28. hxg6 Rxg6 29. Rh1 Kh7 30. cxd6 cxd6 31. Rgh4 a5 32. Nxh6 Rxh6 33. Rxh6+ Nxh6 34. Nf5 axb4 35. Rxh6+ Kg8 36. Nxd6 Ra8 37. Kc4 Rxa4 38. Nxb7 b3+ 39. Kxb3 Rxe4 40. Rxf6 exf4 41. gxf4 Kg7 42. Rf5 Ng6 43. Nc5 1-0

[Event "Zagreb op"]
[Site "Zagreb"]
[Date "2014.03.17"]
[Round "1"]
[White "Ladisic, Alex Sacha"]
[Black "Dizdarevic, Emir"]
[Result "1/2-1/2"]
[WhiteElo "2017"]
[BlackElo "2518"]
[PlyCount "100"]
[EventDate "2014.03.17"]
[EventType "swiss"]
[EventRounds "9"]
[EventCountry "CRO"]
[SourceTitle "CBM 159 Extra"]
[Source "ChessBase"]
[SourceDate "2014.04.24"]
[SourceVersion "1"]
[SourceVersionDate "2014.04.24"]
[SourceQuality "1"]

1. e4 e6 2. d4 d5 3. Nc3 Bb4 4. e5 Ne7 5. a3 Bxc3+ 6. bxc3 b6 7. a4 Ba6 8. Bb5+ Bxb5 9. axb5 c6 10. bxc6 Nbxc6 11. h4 Qc7 12. Rh3 Na5 13. h5 h6 14. Qd3 Nc4 15. Nf3 0-0-0 16. Ba3 Nc6 17. Bb4 Kb8 18. Kf1 f6 19. exf6 gxf6 20. Nd2 Nxd2+ 21. Qxd2 e5 22. Ba3 e4 23. Bc1 Rdg8 24. Qf4 Qxf4 25. Bxf4+ Kb7 26. Rg3 Na5 27. Ke2 Nc4 28. Rh1 Rxg3 29. Bxg3 a5 30. Bf4 a4 31. Rh3 Kc6 32. Rh1 f5 33. f3 b5 34. g4 fxg4 35. fxg4 a3 36. Bxh6 Rxh6 37. g5 Rh8 38. g6 Nd6 39. g7 Ra8 40. h6 Nf5 41. h7 Nxg7 42. h8Q Rxh8 43. Rxh8 Nf5 44. Ra8 b4 45. Kd2 Nd6 46. cxb4 Nc4+ 47. Kc3 e3 48. Kd3 Kb7 49. Rh8 Nb2+ 50. Kc3 Nc4 1/2-1/2

[Event "Wch Seniors 23rd"]
[Site "Opatija"]
[Date "2013.11.20"]
[Round "8"]
[White "Pushkov, Nikolai"]
[Black "Ladisic, Alex Sacha"]
[Result "1-0"]
[WhiteElo "2371"]
[BlackElo "1948"]
[PlyCount "31"]
[EventDate "2013.11.12"]
[EventType "swiss"]
[EventRounds "11"]
[EventCountry "CRO"]
[SourceTitle "CBM 157 Extra"]
[Source "ChessBase"]
[SourceDate "2013.12.19"]
[SourceVersion "1"]
[SourceVersionDate "2013.12.19"]
[SourceQuality "1"]

1. c4 Nf6 2. Nf3 d6 3. d4 Nc6 4. d5 Ne5 5. Nxe5 dxe5 6. Nc3 e6 7. e4 Bc5 8. Be2 c6 9. 0-0 Qc7 10. Bg5 0-0 11. Qd2 Bd4 12. Bf3 a5 13. Ne2 c5 14. Bxf6 gxf6 15. Qh6 Ra6 16. Ng3 1-0